Canada by total area Quiz Stats

 Plays Quiz not verified by Sporcle

Score 0/13 Timer 01:00
0 Plays Today
Total Area (km^2) Province or Territory % Correct
1,542,056Québec
89.4%
2,093,190Nunavut
87.6%
1,076,395Ontario
77.9%
1,346,106Northwest Territories
73.5%
944,735British Columbia
65.5%
661,848Alberta
63.7%
647,797Manitoba
59.3%
651,036Saskatchewan
58.4%
482,443Yukon
54%
5,660Prince Edward Island
54%
405,212Newfoundland and Labrador
52.2%
55,284Nova Scotia
51.3%
72,908New Brunswick
47.8%

You're not logged in!

Compare scores with friends on all Sporcle quizzes.
OR
Log In

Show Comments

Extras

Top Quizzes Today


Score Distribution

Your Account Isn't Verified!

In order to create a playlist on Sporcle, you need to verify the email address you used during registration. Go to your Sporcle Settings to finish the process.

Report this User

Report this user for behavior that violates our Community Guidelines.

Details: